LIBRARY & INFORMATION CENTRE, KCAET, TAVANUR

ONLINE PUBLIC ACCESS CATALOGUE (OPAC)

Hindi sahithya ka patham ithihas / (Record no. 3637)

MARC details
000 -LEADER
fixed length control field 00436cam a2200169ua 4500
041 ## - LANGUAGE CODE
Language code of text/sound track or separate title hin
082 ## - DEWEY DECIMAL CLASSIFICATION NUMBER
Classification number 891.43
Item number KIR/HI
100 ## - MAIN ENTRY--AUTHOR NAME
Personal name Kirarimini, Gupta .
245 ## - TITLE STATEMENT
Title Hindi sahithya ka patham ithihas /
260 ## - PUBLICATION, DISTRIBUTION, ETC. (IMPRINT)
Place of publication Varanasi :
Name of publisher Hindi Prachar Pusthakalayam ,
Year of publication 1962.
300 ## - PHYSICAL DESCRIPTION
Number of Pages 365 ; .
942 ## - ADDED ENTRY ELEMENTS (KOHA)
Koha item type Books
Holdings
Withdrawn status Lost status Damaged status Home library Current library Date acquired Full call number Accession Number Koha item type
Withdrawn     KAUAET Sanskrit University 07/04/2012 891.43 KIR/HI 10589 Books
free website counter